000 00559nam a22001817a 4500
005 20231102060841.0
008 231102b |||||||| |||| 00| 0 eng d
020 _a9780409077537
041 _aEnglish
082 _a346.7 DEK
100 _aDe Koker, L
_lEnglish
245 _aSouth African Money Laundering and Terror Financing Law /
_cL De Koker
250 _a2016 Edition
260 _aDurban :
_bLexisNexis (Pty) Ltd,
_c2015
300 _bviii, 662 pages ;
_c25 cm.
650 _aLegal practice
_bLaw
942 _cBK
_6ALISON_BN_VRIES
999 _c235
_d235